Maderas de Fabio Herrera /
Gorde:
| Egile nagusia: | |
|---|---|
| Formatua: | Ezezaguna |
| Argitaratua: |
San José, Costa Rica :
Premio Editores,
1997.
|
| Saila: | (Colección Andrómeda :
|
| Gaiak: | |
| Etiketak: |
Etiketa erantsi
Etiketarik gabe, Izan zaitez lehena erregistro honi etiketa jartzen!
|
MARC
| LEADER | 000000000a22000000004500 | ||
|---|---|---|---|
| 001 | 003631 | ||
| 020 | |a 9977968071 | ||
| 041 | 0 | |a spa, ger, eng | |
| 082 | 0 | 4 | |a 761.2 |b H565m |
| 100 | 1 | |a Herrera, Fabio, |d 1954- | |
| 245 | 1 | 0 | |a Maderas de Fabio Herrera / |c Fabio Herrera. |
| 260 | 1 | |a San José, Costa Rica : |b Premio Editores, |c 1997. | |
| 300 | |a 168 páginas ; |c 21 cm. | ||
| 490 | 1 | |a (Colección Andrómeda : |b Arte) | |
| 650 | 4 | |a GRABADOS EN MADERA | |
| 650 | 4 | |a COSTA RICA | |
| 650 | 4 | |a LIBROS XILOGRAFICOS | |
| 650 | 4 | |a SERIGRAFIA | |
| 999 | |c 10108 |d 10108 | ||
| 942 | |c BK |h 761.2 H565m |2 z | ||



